000 01063naa a22002897a 4500
001 BR4600028
003 BR-BrBNA
005 20240918181607.0
007 ta
008 230509b bl.||||| |||| 00| 0 por d
040 _aBR-BrBNA
_bpor
_cBiblioteca Nacional de Agricultura
041 _a(Pt)
072 _aL72
_b6500
090 _aL72 BR4600028
100 1 _aFreitas, M.G.
111 1 _a3. Congresso Brasileiro de Veterinaria
_cPorto Alegre, RS (Brazil)
_d1 Oct 1945
245 1 _aSobre um cestoide de pombo domestico em Minas Gerais - Brasil (Cestoda - Davaineidae
260 3 _aPorto Alegre, RS (Brasil):
_bLiv. globo,
_c1946.
500 _aAnais do 3. Congresso Brasileiro de Veterinaria Porto Alegre, RS (Brasil): Liv. globo, 1946. p. 256-258 (BR4600028-AM)L72
650 _aPombo
650 _aVerminose
650 _aCestoide
650 _aMinas Gerais
773 0 _tAnais do 3. Congresso Brasileiro de Veterinaria
_wL72 BR4600028
_gPorto Alegre, RS (Brasil), 1946. p. 256-258
909 _a202404
_bLucia
_c55
_dLucia Elande
942 _cAM
_2AGRIS
999 _c325989
_d325989